LEADER 01748nam--2200481---450 001 990002191580203316 005 20180607151846.0 010 $a88-06-13052-8 035 $a000219158 035 $aUSA01000219158 035 $a(ALEPH)000219158USA01 035 $a000219158 100 $a20041119d1993----km-y0itay50------ba 101 0 $aita 102 $aIT 105 $a||||||||001yy 200 1 $aPrometeo liberato$etrasformazioni tecnologiche e sviluppo industriale nell'Europa occidentale dal 1750 ai giorni nostri$fDavid S. Landes$g[traduzione di Valerio Grisoli e Franco Salvatorelli] 210 $aTorino$cEinaudi$dcopyr. 1993 215 $aX, 751 p.$d19 cm 225 2 $aPiccola Biblioteca Einaudi$iStoria$v585 300 $aTit. sulla cop.: Prometeo liberato: la rivoluzione industriale in Europa dal 1750 ad oggi 410 0$12001$aPiccola Biblioteca Einaudi$iStoria$v585 454 1$12001$a<> Unbound Prometeus$926971 517 1 $aPrometeo liberato$ela rivoluzione industriale in Europa dal 1750 ad oggi 607 $aEuropa$xIndustrializzazione$zSec. 18.-20.$2BNCF 676 $a338.094 700 1$aLANDES,$bDavid S.$0437839 702 1$aGRISOLI,$bValerio 702 1$aSALVATORELLI,$bFranco 801 0$aIT$bsalbc$gISBD 912 $a990002191580203316 951 $aSANT.9$b744 DDPG$cSANT. 951 $aXV.14.A. 480$2263292 L.M.$cXV.14$d414258 959 $aBK 969 $aDDPG 969 $aFVIG 979 $aSIAV1$b10$c20041119$lUSA01$h1203 979 $aSIAV1$b10$c20041119$lUSA01$h1205 979 $aSIAV1$b10$c20041122$lUSA01$h0949 979 $aSIAV1$b10$c20041122$lUSA01$h0950 979 $aDDPG1$b90$c20070116$lUSA01$h1646 996 $aUnbound Prometeus$926971 997 $aUNISA LEADER 01414nam a22002771i 4500 001 991001426649707536 005 20021230180210.0 008 021230s1968 it a||||||||||||||||ita 035 $ab12145464-39ule_inst 035 $aARCHE-023526$9ExL 040 $aDip.to Filologia Ling. e Lett.$bita$cA.t.i. Arché s.c.r.l. Pandora Sicilia s.r.l. 082 04$a070.5094 100 1 $aTinto, Alberto$0158434 245 10$aAnnali tipografici dei Tramezzino /$cAlberto Tinto 250 $aRist. anast. 260 $aVenezia ;$aRoma :$bIstituto per la collaborazione culturale,$c1968 300 $aXXXVI, 128, IX p., [16] p. di tav. :$bill. ;$c24 cm 440 0$aCiviltà veneziana.$pAnnali della tipografia veneziana del Cinquecento 500 $aRipr. facs. dell'ed.: Venezia ; Roma : Istituto per la collaborazione culturale, andata distrutta nell'inondazione di Firenze del 1966, a cura della Fondazione Giorgio Cini. Centro di cultura e civiltà. Scuola di San Giorgio per lo studio della civiltà veneziana. Istituto di lettere musica e teatro 650 4$aTramezzino (tipografia)$aStoria 907 $a.b12145464$b02-04-14$c01-04-03 912 $a991001426649707536 945 $aLE008 TS M I 50$g1$i2008000401511$lle008$o-$pE0.00$q-$rl$s- $t0$u0$v0$w0$x0$y.i1247213x$z01-04-03 996 $aAnnali tipografici dei Tramezzino$9149080 997 $aUNISALENTO 998 $ale008$b01-04-03$cm$da $e-$fita$git $h0$i1 LEADER 04756oam 2200889 450 001 9910786804803321 005 20230120124745.0 010 $a0-8232-6329-0 010 $a0-8232-6648-6 010 $a0-8232-6331-2 010 $a0-8232-6332-0 024 7 $a10.1515/9780823263318 035 $a(CKB)3710000000224270 035 $a(EBL)3239923 035 $a(SSID)ssj0001352656 035 $a(PQKBManifestationID)12537031 035 $a(PQKBTitleCode)TC0001352656 035 $a(PQKBWorkID)11313315 035 $a(PQKB)10657574 035 $a(StDuBDS)EDZ0001111273 035 $a(OCoLC)891381746 035 $a(MdBmJHUP)muse37912 035 $a(DE-B1597)555260 035 $a(DE-B1597)9780823263318 035 $a(Au-PeEL)EBL3239923 035 $a(CaPaEBR)ebr10913495 035 $a(CaONFJC)MIL671356 035 $a(OCoLC)898120490 035 $a(OCoLC)958500757 035 $a(Au-PeEL)EBL1884019 035 $a(MiAaPQ)EBC3239923 035 $a(MiAaPQ)EBC4803900 035 $a(MiAaPQ)EBC6166644 035 $a(MiAaPQ)EBC6396004 035 $a(MiAaPQ)EBC1884019 035 $a(dli)HEB32908 035 $a(MiU) MIU01100000000000000000411 035 $a(EXLCZ)993710000000224270 100 $a20210514d2015 uy 0 101 0 $aeng 135 $aur|nu---|u||u 181 $ctxt 182 $cc 183 $acr 200 14$aThe end of the world and other teachable moments $eJacques Derrida's final seminar /$fMichael Naas 205 $aFirst edition. 210 1$aNew York :$cFordham University Press,$d[2015] 210 4$d©2015 215 $a1 online resource (231 p.) 225 1 $aPerspectives in Continental Philosophy 300 $aIncludes index. 311 $a1-322-40074-1 311 $a0-8232-6328-2 320 $aIncludes bibliographical references and index. 327 $tFront matter --$tContents --$tAbbreviations of Works by Jacques Derrida --$tIntroduction: Derrida?s Other Corpus --$t1. Derrida?s Flair (For the Animals to Follow . . . ) --$t2. ?If you could take just two books . . .? --$t3. To Die a Living Death --$t4. Reinventing the Wheel --$t5. Pray Tell --$t6. Derrida?s Preoccupation with the Archive --$t7. ?World, Finitude, Solitude? --$tConclusion: Désormais --$tNotes --$tIndex 330 $aThe End of the World and Other Teachable Moments follows the remarkable itinerary of Jacques Derrida?s final seminar, ?The Beast and the Sovereign? (2001?3), as the explicit themes of the seminar?namely, sovereignty and the question of the animal?come to be supplemented and interrupted by questions of death, mourning, survival, the archive, and, especially, the end of the world. The book begins with Derrida?s analyses, in the first year of the seminar, of the question of the animal in the context of his other published works on the same subject. It then follows Derrida through the second year of the seminar, presented in Paris from December 2002 to March 2003, as a very different tone begins to make itself heard, one that wavers between melancholy and an extraordinary lucidity with regard to the end. Focusing the entire year on just two works, Daniel Defoe?s Robinson Crusoe and Martin Heidegger?s seminar of 1929?30, ?The Fundamental Concepts of Metaphysics,? the seminar comes to be dominated by questions of the end of the world and of an originary violence that at once gives rise to and effaces all things. The End of the World and Other Teachable Moments follows Derrida as he responds from week to week to these emerging questions, as well as to important events unfolding around him, both world events?the aftermath of 9/11, the American invasion of Iraq?and more personal ones, from the death of Maurice Blanchot to intimations of his own death less than two years away. All this, the book concludes, makes this final seminar an absolutely unique work in Derrida?s corpus, one that both speaks of death as the end of the world and itself now testifies to that end?just one, though hardly the least, of its many teachable moments. 410 0$aPerspectives in continental philosophy. 517 3 $aJacques Derrida's final seminar 606 $aPhilosophy 610 $aAnimality. 610 $aDeath. 610 $aDeconstruction. 610 $aJacques Derrida. 610 $aMartin Heidegger. 610 $aMourning. 610 $aSovereignty. 610 $aWorld. 615 0$aPhilosophy. 676 $a100 700 $aNaas$b Michael$0689709 801 0$bMiAaPQ 801 1$bMiAaPQ 801 2$bUtOrBLW 906 $aBOOK 912 $a9910786804803321 996 $aThe end of the world and other teachable moments$93795634 997 $aUNINA